000 00381nam a2200145Ia 4500
005 20250729165735.0
008 250729s2013 xx 000 0 und d
041 _aeng
082 _a370.75 KARH
100 _aGovt of Karnataka
_9231835
245 _aHindhi Vallari - 9th Std
260 _aBangalore
_bKarnataka Text Book Socity
_c2013
300 _a130p
650 _aHindi
_9231836
999 _c239480
_d239480